円周率 1000ケタまで - Statistics

General Stats
  • This quiz has been taken 7,763 times
  • The average score is 875 of 1000
Answer Stats
π % Correct
3
98%
1
96%
4
91%
2
89%
5
87%
9
85%
6
83%
7
83%
8
83%
0
79%
No matching quizzes found
Score Distribution
Percent of People with Each Score
Percentile by Number Answered
Your Score History
You have not taken this quiz